[Event "3rd Banja Luka it"]
[Site "Banja Luka YUG"]
[Date "1979.04.11"]
[Round "1"]
[White "Knezevic, Milorad"]
[Black "Sibarevic, Milenko"]
[Result "1-0"]
[WhiteElo "2500"]
[BlackElo "2355"]
[EventDate "1979.04.11"]
[PlyCount "73"]

1.d4 d5 2.c4 e6 3.Nc3 Nf6 4.Nf3 c6 5.e3 Nbd7 6.Qc2 Bb4 7.Bd3 O-O 8.O-O Qe7
9.a3 Bxc3 10.Qxc3 c5 11.cxd5 exd5 12.b3 b6 13.Bb2 Bb7 14.Bf5 Ne4 15.Bxe4 
dxe4 16.dxc5 f6 17.c6 Rac8 18.Qb4 Qxb4 19.axb4 Bxc6 20.Nd4 Ne5 21.Rxa7 Bd5
22.Nf5 Kh8 23.Nxg7 Rf7 24.Rxf7 Bxf7 25.Nf5 Bxb3 26.Nd6 Rc2 27.Bd4 Bc4 28.
Ra1 Bd3 29.Ne8 Nc6 30.Bxf6+ Kg8 31.Nd6 h5 32.h4 Nxb4 33.Ra8+ Kh7 34.Ra7+ 
Kg8 35.Rg7+ Kf8 36.Rh7 Nd5 37.Rh8# 1-0

[Event "3rd Banja Luka it"]
[Site "Banja Luka YUG"]
[Date "1979.04.11"]
[Round "1"]
[White "Matanovic, Aleksandar"]
[Black "Garcia Gonzalez, Guillermo"]
[Result "1/2-1/2"]
[WhiteElo "2495"]
[BlackElo "2490"]
[EventDate "1979.04.11"]
[PlyCount "21"]

1.e4 e6 2.d4 d5 3.Nd2 Ne7 4.Ngf3 Ng6 5.h4 h5 6.g3 c5 7.Bg2 Nc6 8.c3 cxd4 
9.cxd4 dxe4 10.Nxe4 e5 11.Rb1 1/2-1/2

[Event "3rd Banja Luka it"]
[Site "Banja Luka YUG"]
[Date "1979.04.12"]
[Round "2"]
[White "Bukic, Enver"]
[Black "Garcia Gonzalez, Guillermo"]
[Result "1/2-1/2"]
[WhiteElo "2495"]
[BlackElo "2490"]
[EventDate "1979.04.11"]
[PlyCount "82"]

1.d4 Nf6 2.c4 g6 3.Nc3 Bg7 4.e4 d6 5.Nf3 O-O 6.Be2 e5 7.O-O Nbd7 8.Be3 Ng4
9.Bg5 f6 10.Bd2 Nh6 11.b4 Nf7 12.Qc2 Re8 13.Be3 Nf8 14.Rad1 Bd7 15.h3 c6 
16.Rfe1 Qc7 17.c5 dxc5 18.bxc5 exd4 19.Nxd4 Ne6 20.Bc4 Nxd4 21.Bxd4 Be6 
22.Bxe6 Rxe6 23.Qb3 Rae8 24.Be3 Kh8 25.Rd2 Ng5 26.Red1 R6e7 27.Rd6 Qc8 28.
Qc4 Nf7 29.R6d2 f5 30.exf5 Qxf5 31.Ne2 Ne5 32.Qb3 h6 33.Rd8 Qf8 34.R8d6 
Qf7 35.Nf4 g5 36.Qxf7 Rxf7 37.Nh5 Nc4 38.Rd8 Rxd8 39.Rxd8+ Kh7 40.Bd4 Bxd4
41.Rxd4 Ne5 1/2-1/2

[Event "3rd Banja Luka it"]
[Site "Banja Luka YUG"]
[Date "1979.04.12"]
[Round "2"]
[White "Kurajica, Bojan"]
[Black "Matanovic, Aleksandar"]
[Result "1/2-1/2"]
[WhiteElo "2515"]
[BlackElo "2495"]
[EventDate "1979.04.11"]
[PlyCount "82"]

1.d4 Nf6 2.c4 e6 3.g3 d5 4.Bg2 Nbd7 5.Nf3 c6 6.Qc2 Be7 7.O-O O-O 8.b3 b5 
9.c5 Ne4 10.Nbd2 f5 11.Bb2 a5 12.a3 Nxd2 13.Qxd2 Bf6 14.Rac1 a4 15.b4 Re8 
16.Qe3 g5 17.Rcd1 Ra7 18.Bc1 g4 19.Ne5 Nxe5 20.dxe5 Bh8 21.h3 h5 22.hxg4 
hxg4 23.f3 Rg7 24.Kf2 Rf8 25.Rh1 Rg6 26.Qd4 Qc7 27.Bf4 Rf7 28.Rh4 Rh7 29.
Rdh1 Rxh4 30.Rxh4 Bd7 31.e4 Bg7 32.exf5 exf5 33.fxg4 fxg4 34.Qd3 Be8 35.
Qf5 Qf7 36.Qh5 Bd7 37.Bf1 Bf5 38.Be2 Qe6 39.Rh1 d4 40.Qh4 Qd5 41.Qh7+ Kf8 
1/2-1/2

[Event "3rd Banja Luka it"]
[Site "Banja Luka YUG"]
[Date "1979.04.12"]
[Round "2"]
[White "Petrosian, Tigran"]
[Black "Vukic, Milan"]
[Result "1/2-1/2"]
[WhiteElo "2610"]
[BlackElo "2485"]
[EventDate "1979.04.11"]
[PlyCount "133"]

1.d4 Nf6 2.c4 g6 3.Nc3 Bg7 4.Bf4 d6 5.e3 O-O 6.Nf3 c6 7.h3 a6 8.a4 a5 9.
Bd3 Na6 10.Rc1 Nb4 11.Bb1 b6 12.O-O Ba6 13.Na2 Nxa2 14.Bxa2 Nd7 15.Bg5 Re8
16.Qd2 Qc7 17.Rfd1 Ra7 18.Bh4 h6 19.Qc2 c5 20.d5 e5 21.dxe6 Rxe6 22.Rd2 
Bb7 23.Qd1 Nf6 24.Bxf6 Bxf6 25.Bb1 Bc6 26.Bd3 Qd7 27.b3 Qe7 28.Be2 Rd7 29.
Ne1 Bg5 30.Bf3 Bxf3 31.Nxf3 Bf6 32.Rd3 Bg7 33.Rc2 Rd8 34.Rcd2 Kf8 35.Kf1 
Qf6 36.Ne1 Ke7 37.Rd5 Rxe3 38.Nf3 Re6 39.g3 Kf8 40.Kg2 Qe7 41.h4 h5 42.Kf1
Bh6 43.Re2 Rxe2 44.Qxe2 Qxe2+ 45.Kxe2 Ke7 46.Ne1 Kd7 47.Nc2 Re8+ 48.Kf1 f5
49.Na3 f4 50.Nb5 Re6 51.Rd3 fxg3 52.fxg3 Bg7 53.Kf2 Be5 54.Kg2 Re7 55.Re3 
Rg7 56.Kh3 g5 57.hxg5 Rxg5 58.Rd3 Rg7 59.Re3 Rg4 60.Rd3 Re4 61.Rf3 Re2 62.
Kh4 Rh2+ 63.Kg5 Rh3 64.Kg6 Bxg3 65.Kf7 h4 66.Re3 Rh2 67.Re7+ 1/2-1/2

[Event "3rd Banja Luka it"]
[Site "Banja Luka YUG"]
[Date "1979.04.12"]
[Round "2"]
[White "Browne, Walter Shawn"]
[Black "Knezevic, Milorad"]
[Result "1/2-1/2"]
[WhiteElo "2540"]
[BlackElo "2500"]
[EventDate "1979.04.11"]
[PlyCount "33"]

1.Nf3 Nf6 2.c4 e6 3.Nc3 d5 4.d4 c6 5.Bg5 Nbd7 6.e3 Be7 7.Bd3 a6 8.a4 h6 9.
Bh4 O-O 10.O-O b6 11.Qe2 Bb7 12.Rfd1 Nh5 13.Bxe7 Qxe7 14.Ne5 Nhf6 15.e4 
dxe4 16.Nxe4 c5 17.Nxd7 1/2-1/2

[Event "3rd Banja Luka it"]
[Site "Banja Luka YUG"]
[Date "1979.04.12"]
[Round "2"]
[White "Marovic, Drazen"]
[Black "Smejkal, Jan"]
[Result "1/2-1/2"]
[WhiteElo "2470"]
[BlackElo "2550"]
[EventDate "1979.04.11"]
[PlyCount "39"]

1.d4 Nf6 2.c4 g6 3.Nc3 d5 4.Nf3 Bg7 5.Bg5 Ne4 6.cxd5 Nxg5 7.Nxg5 e6 8.Qd2 
h6 9.Nh3 exd5 10.Nf4 Nc6 11.e3 Ne7 12.g3 O-O 13.Bg2 c6 14.O-O Bf5 15.b4 a6
16.a4 Nc8 17.b5 axb5 18.axb5 Nd6 19.Rfe1 Re8 20.Bf1 1/2-1/2

[Event "3rd Banja Luka it"]
[Site "Banja Luka YUG"]
[Date "1979.04.14"]
[Round "3"]
[White "Marjanovic, Slavoljub"]
[Black "Marovic, Drazen"]
[Result "1/2-1/2"]
[WhiteElo "2505"]
[BlackElo "2470"]
[EventDate "1979.04.11"]
[PlyCount "165"]

1.e4 e6 2.d4 d5 3.Nd2 c5 4.exd5 exd5 5.Ngf3 Nc6 6.Bb5 Bd6 7.dxc5 Bxc5 8.
O-O Ne7 9.Nb3 Bd6 10.Nbd4 O-O 11.Be3 Bg4 12.Qd2 Qc7 13.h3 Bh5 14.Rfe1 a6 
15.Be2 Na5 16.b3 Rac8 17.Rad1 Bg6 18.Bd3 Rfe8 19.Re2 Nac6 20.Bxg6 hxg6 21.
Rde1 Qd7 22.Bf4 Nxd4 23.Nxd4 Bxf4 24.Qxf4 Nc6 25.Nf3 Rxe2 26.Rxe2 f6 27.
Qe3 Kf7 28.Rd2 Rd8 29.c3 Qe6 30.Qf4 Kg8 31.Qc7 Rd7 32.Qc8+ Kf7 33.Rd3 Qe8 
34.Ng5+ Kf8 35.Ne6+ Kf7 36.Qxe8+ Kxe8 37.Rxd5 Re7 38.Nc5 Re1+ 39.Kh2 Re2 
40.Nxb7 Rxa2 41.Rd6 Ne5 42.Kg3 Rc2 43.Rd8+ Ke7 44.Rc8 Kd7 45.Rc5 g5 46.b4 
Ke6 47.Nd8+ Kd7 48.Nb7 Ke6 49.Na5 Nd3 50.Rc6+ Kd7 51.Rxa6 Rxc3 52.Ra7+ Rc7
53.Rxc7+ Kxc7 54.b5 Kb6 55.Nc4+ Kxb5 56.Nd6+ Kc6 57.Ne8 Kd5 58.Nxg7 Ke5 
59.Ne8 f5 60.Nc7 f4+ 61.Kf3 Kf5 62.Ke2 Ne5 63.Nb5 g4 64.h4 f3+ 65.Kf1 
fxg2+ 66.Kxg2 Nd7 67.Kg3 Nf6 68.Nd6+ Ke6 69.Nc4 Ne4+ 70.Kg2 Kf5 71.Ne3+ 
Kf4 72.Nf1 Ke5 73.Ng3 Nd2 74.Ne2 Ne4 75.Kf1 Nd2+ 76.Kg2 Ne4 77.h5 Kf6 78.
Ng3 Nd2 79.h6 Kg6 80.Nf5 Ne4 81.Ne3 Nxf2 82.Kxf2 Kxh6 83.Nxg4+ 1/2-1/2

[Event "3rd Banja Luka it"]
[Site "Banja Luka YUG"]
[Date "1979.04.14"]
[Round "3"]
[White "Garcia Gonzalez, Guillermo"]
[Black "Kurajica, Bojan"]
[Result "0-1"]
[WhiteElo "2490"]
[BlackElo "2515"]
[EventDate "1979.04.11"]
[PlyCount "54"]

1.c4 e6 2.Nc3 Nf6 3.Nf3 d5 4.d4 Bb4 5.Qa4+ Nc6 6.Ne5 Bd7 7.Nxc6 Bxc3+ 8.
bxc3 Bxc6 9.Qc2 dxc4 10.f3 e5 11.dxe5 Nd7 12.Ba3 Qg5 13.e6 fxe6 14.Qd2 
Qh4+ 15.g3 Qf6 16.Bh3 O-O-O 17.Qe3 Kb8 18.O-O h5 19.Rab1 Bd5 20.Qf4 Qxc3 
21.Bb2 Qa5 22.e4 Bc6 23.Bxg7 Rh7 24.Ba1 Qc5+ 25.Kh1 Rf8 26.Qd2 Rhf7 27.
Bxe6 Rxf3 0-1

[Event "3rd Banja Luka it"]
[Site "Banja Luka YUG"]
[Date "1979.04.15"]
[Round "4"]
[White "Bukic, Enver"]
[Black "Kurajica, Bojan"]
[Result "1/2-1/2"]
[WhiteElo "2495"]
[BlackElo "2515"]
[EventDate "1979.04.11"]
[PlyCount "30"]

1.Nf3 d5 2.g3 c6 3.Bg2 Nf6 4.b3 Bg4 5.Bb2 e6 6.O-O Nbd7 7.c4 Bd6 8.d3 O-O 
9.Nbd2 a5 10.a3 Qe7 11.h3 Bxf3 12.exf3 b5 13.Re1 Rfc8 14.Qc2 Rab8 15.f4 
Qd8 1/2-1/2

[Event "3rd Banja Luka it"]
[Site "Banja Luka YUG"]
[Date "1979.04.15"]
[Round "4"]
[White "Adorjan, Andras"]
[Black "Garcia Gonzalez, Guillermo"]
[Result "1-0"]
[WhiteElo "2525"]
[BlackElo "2490"]
[EventDate "1979.04.11"]
[PlyCount "63"]

1.e4 c5 2.Nf3 e6 3.d4 cxd4 4.Nxd4 Nc6 5.Nc3 a6 6.Be2 Nge7 7.Bf4 Ng6 8.Nxc6
bxc6 9.Bd6 Bxd6 10.Qxd6 Qe7 11.O-O-O Qxd6 12.Rxd6 Kd8 13.Rhd1 Kc7 14.g3 f6
15.Na4 Ne5 16.Nc5 Kb6 17.b4 a5 18.Na4+ Kc7 19.b5 cxb5 20.Bxb5 Ra7 21.f4 
Nf7 22.R6d4 d6 23.R1d3 Bb7 24.Rc4+ Kb8 25.Nb6 Rd8 26.Nd7+ Ka8 27.Rb3 d5 
28.exd5 exd5 29.Rc7 Nd6 30.Ba4 d4 31.Nb6+ Kb8 32.Rxg7 1-0

[Event "3rd Banja Luka it"]
[Site "Banja Luka YUG"]
[Date "1979.04.15"]
[Round "4"]
[White "Sibarevic, Milenko"]
[Black "Andersson, Ulf"]
[Result "1/2-1/2"]
[WhiteElo "2355"]
[BlackElo "2560"]
[EventDate "1979.04.11"]
[PlyCount "81"]

1.e4 c5 2.Nf3 e6 3.d4 cxd4 4.Nxd4 Nf6 5.Nc3 d6 6.f4 Nc6 7.Be3 e5 8.Nde2 
Be7 9.Qd2 a6 10.h3 b5 11.Ng3 Qa5 12.Be2 exf4 13.Bxf4 Be6 14.O-O O-O 15.
Rad1 Rfd8 16.Nd5 Qxd2 17.Rxd2 Bxd5 18.exd5 Ne5 19.Nf5 Re8 20.Nxe7+ Rxe7 
21.Bg5 Ned7 22.Bg4 Ree8 23.Bxd7 Nxd7 24.Bf4 Ne5 25.Rd4 Rac8 26.c3 Nc4 27.
b3 Ne5 28.Bd2 f6 29.a4 Nd7 30.axb5 axb5 31.c4 bxc4 32.bxc4 Rb8 33.Bf4 Ne5 
34.Re4 Rb4 35.Bxe5 fxe5 36.Ra1 Reb8 37.Ra6 Rb1+ 38.Kh2 R8b6 39.Rxb6 Rxb6 
40.c5 dxc5 41.Rxe5 1/2-1/2

[Event "3rd Banja Luka it"]
[Site "Banja Luka YUG"]
[Date "1979.04.15"]
[Round "4"]
[White "Marovic, Drazen"]
[Black "Knezevic, Milorad"]
[Result "1/2-1/2"]
[WhiteElo "2470"]
[BlackElo "2500"]
[EventDate "1979.04.11"]
[PlyCount "34"]

1.d4 c6 2.c4 d5 3.Nf3 Nf6 4.Nc3 g6 5.e3 Bg7 6.Be2 O-O 7.O-O dxc4 8.Bxc4 
Bg4 9.h3 Bxf3 10.Qxf3 Nbd7 11.Rd1 e5 12.d5 Qc7 13.dxc6 Qxc6 14.Qxc6 bxc6 
15.e4 Rfd8 16.Be3 Bf8 17.f3 Bc5 1/2-1/2

[Event "3rd Banja Luka it"]
[Site "Banja Luka YUG"]
[Date "1979.04.15"]
[Round "4"]
[White "Smejkal, Jan"]
[Black "Marjanovic, Slavoljub"]
[Result "1-0"]
[WhiteElo "2550"]
[BlackElo "2505"]
[EventDate "1979.04.11"]
[PlyCount "97"]

1.c4 e6 2.Nf3 c5 3.g3 d5 4.cxd5 exd5 5.Bg2 Nc6 6.d4 Nf6 7.O-O Be7 8.Nc3 
O-O 9.Bg5 c4 10.Ne5 Be6 11.Nxc6 bxc6 12.b3 Qa5 13.Na4 Rfd8 14.e3 c5 15.
Bxf6 gxf6 16.dxc5 Bxc5 17.Qh5 Rac8 18.Rfd1 Bb4 19.Bh3 d4 20.Qxa5 Bxa5 21.
Bxe6 fxe6 22.Rxd4 Rxd4 23.exd4 c3 24.Rc1 e5 25.d5 Kf7 26.a3 c2 27.b4 Bb6 
28.Kf1 Ke7 29.Ke2 Bd4 30.Nc5 Kd6 31.Rxc2 Bxc5 32.Kd3 e4+ 33.Ke2 a5 34.Rxc5
Rxc5 35.bxc5+ Kxc5 36.Ke3 Kxd5 37.Kf4 a4 38.g4 Kc4 39.Kxe4 Kb3 40.Kd3 Kxa3
41.Kc3 Ka2 42.f4 a3 43.Kc2 Ka1 44.g5 f5 45.Kb3 a2 46.Kc2 h5 47.g6 h4 48.g7
h3 49.Kb3 1-0

[Event "3rd Banja Luka it"]
[Site "Banja Luka YUG"]
[Date "1979.04.16"]
[Round "5"]
[White "Marjanovic, Slavoljub"]
[Black "Bukic, Enver"]
[Result "0-1"]
[WhiteElo "2505"]
[BlackElo "2495"]
[EventDate "1979.04.11"]
[PlyCount "136"]

1.e4 c5 2.Nf3 d6 3.d4 cxd4 4.Nxd4 Nf6 5.Nc3 a6 6.Be2 e6 7.O-O Be7 8.f4 O-O
9.Kh1 Nc6 10.Be3 Bd7 11.a4 Rc8 12.Nb3 Na5 13.Nd2 Qc7 14.Qe1 Nc6 15.Nc4 d5 
16.Nb6 d4 17.Nxc8 Bxc8 18.e5 Ne8 19.Bd2 dxc3 20.Bxc3 a5 21.Bb5 Nb4 22.Bxb4
Bxb4 23.c3 Be7 24.Rd1 g6 25.Rf3 Ng7 26.Rfd3 h5 27.b4 Nf5 28.Qe4 Kg7 29.Bd7
Bxd7 30.Rxd7 Qxc3 31.bxa5 Qxa5 32.Rxb7 h4 33.Rb5 Qa7 34.Rb7 Qc5 35.Rb5 Rd8
36.Qf3 Qc3 37.Rbb1 Qxf3 38.gxf3 Ra8 39.Ra1 Bb4 40.Rd3 h3 41.Rb3 Bd2 42.Rd3
Bxf4 43.a5 Bxe5 44.Ra2 Ra6 45.f4 Bxf4 46.Rxh3 Be3 47.Rf3 e5 48.Ra4 Bd4 49.
Rf1 Nd6 50.Rb1 f5 51.Kg2 Kf6 52.h4 f4 53.Rb8 Nf5 54.h5 gxh5 55.Kf3 Nd6 56.
Rh8 Kg6 57.Ra2 Nf7 58.Rg8+ Kf6 59.Ke4 Ng5+ 60.Kd3 f3 61.Rh8 Kf5 62.Rxh5 
Ba7 63.Kc4 e4 64.Kb5 Re6 65.Rd2 Re5+ 66.Ka6 e3 67.Rd8 e2 68.Rh1 Bf2 0-1

[Event "3rd Banja Luka it"]
[Site "Banja Luka YUG"]
[Date "1979.04.16"]
[Round "5"]
[White "Matanovic, Aleksandar"]
[Black "Sibarevic, Milenko"]
[Result "1/2-1/2"]
[WhiteElo "2495"]
[BlackElo "2355"]
[EventDate "1979.04.11"]
[PlyCount "46"]

1.e4 c5 2.Nf3 e6 3.d4 cxd4 4.Nxd4 Nf6 5.Nc3 d6 6.Be2 a6 7.O-O Be7 8.f4 Qc7
9.a4 Nc6 10.Kh1 O-O 11.Be3 Nxd4 12.Qxd4 e5 13.Qd2 exf4 14.Bxf4 Be6 15.Rfd1
Rfd8 16.a5 Rac8 17.Bf3 h6 18.Qf2 Kf8 19.Qd2 Kg8 20.Bg3 Nd7 21.Bxd6 Bxd6 
22.Qxd6 Qxd6 23.Rxd6 Ne5 1/2-1/2

[Event "3rd Banja Luka it"]
[Site "Banja Luka YUG"]
[Date "1979.04.16"]
[Round "5"]
[White "Garcia Gonzalez, Guillermo"]
[Black "Petrosian, Tigran"]
[Result "1/2-1/2"]
[WhiteElo "2490"]
[BlackElo "2610"]
[EventDate "1979.04.11"]
[PlyCount "55"]

1.c4 g6 2.e4 Bg7 3.d4 d6 4.Nc3 Nf6 5.Nf3 O-O 6.Be2 e5 7.O-O Nbd7 8.Qc2 c6 
9.Rd1 Re8 10.dxe5 dxe5 11.Na4 b6 12.b4 Qc7 13.Bb2 Nf8 14.c5 Bg4 15.Rd6 b5 
16.Nc3 Bxf3 17.Bxf3 a5 18.a3 axb4 19.axb4 Rxa1+ 20.Bxa1 Ne6 21.Ne2 Ng5 22.
Bc3 Nxf3+ 23.gxf3 Qc8 24.Qd3 Nh5 25.Rd7 Nf6 26.Rd6 Nh5 27.Rd7 Nf6 28.Rd6 
1/2-1/2

[Event "3rd Banja Luka it"]
[Site "Banja Luka YUG"]
[Date "1979.04.18"]
[Round "6"]
[White "Sibarevic, Milenko"]
[Black "Garcia Gonzalez, Guillermo"]
[Result "0-1"]
[WhiteElo "2355"]
[BlackElo "2490"]
[EventDate "1979.04.11"]
[PlyCount "80"]

1.e4 e6 2.d4 d5 3.Nd2 Ne7 4.Ngf3 Nd7 5.g3 g6 6.Bg2 Bg7 7.O-O O-O 8.Re1 c5 
9.exd5 Nxd5 10.c3 cxd4 11.Nxd4 N7b6 12.a4 a5 13.Ne4 h6 14.Nb5 Bd7 15.Qb3 
Bc6 16.Ned6 Nd7 17.Qa3 Kh7 18.Bd2 Ne5 19.Rad1 Qf6 20.Ne4 Nf3+ 21.Bxf3 Qxf3
22.Nd4 Bxd4 23.cxd4 Qxa3 24.bxa3 Bxa4 25.Rb1 Bc6 26.Nd6 b6 27.Rec1 Bd7 28.
Rb2 Ra6 29.Rcb1 Kg7 30.Nc4 b5 31.Ne5 Be8 32.Rc1 Ra7 33.Ng4 g5 34.Ne3 Ne7 
35.Rc5 Bc6 36.h4 gxh4 37.gxh4 Rg8 38.Kh2 Kh7 39.Rb1 Rd7 40.Rbc1 Rxd4 0-1

[Event "3rd Banja Luka it"]
[Site "Banja Luka YUG"]
[Date "1979.04.18"]
[Round "6"]
[White "Browne, Walter Shawn"]
[Black "Matanovic, Aleksandar"]
[Result "1/2-1/2"]
[WhiteElo "2540"]
[BlackElo "2495"]
[EventDate "1979.04.11"]
[PlyCount "48"]

1.d4 Nf6 2.Nf3 e6 3.g3 d5 4.Bg2 Be7 5.O-O O-O 6.c4 Nbd7 7.Qc2 c6 8.Nbd2 b6
9.e4 Bb7 10.b3 Rc8 11.Bb2 c5 12.exd5 exd5 13.Rad1 dxc4 14.Qxc4 Bd5 15.Qd3 
Re8 16.Rfe1 cxd4 17.Nxd4 Nc5 18.Qb1 Bxg2 19.Kxg2 Bf8 20.Rxe8 Qxe8 21.N2f3 
Qe4 22.Qxe4 Nfxe4 23.Ne5 f6 24.Nec6 a5 1/2-1/2

[Event "3rd Banja Luka it"]
[Site "Banja Luka YUG"]
[Date "1979.04.18"]
[Round "6"]
[White "Marovic, Drazen"]
[Black "Vukic, Milan"]
[Result "1/2-1/2"]
[WhiteElo "2470"]
[BlackElo "2485"]
[EventDate "1979.04.11"]
[PlyCount "41"]

1.c4 e5 2.Nc3 Nf6 3.Nf3 Nc6 4.d4 e4 5.Nd2 Nxd4 6.Ndxe4 Nxe4 7.Nxe4 Bb4+ 8.
Bd2 Bxd2+ 9.Qxd2 Ne6 10.g3 O-O 11.Bg2 d6 12.Rd1 Bd7 13.Nc3 Bc6 14.e4 a5 
15.O-O Nc5 16.Rfe1 Re8 17.e5 Bxg2 18.Kxg2 dxe5 19.Qxd8 Rexd8 20.Rxd8+ Rxd8
21.Rxe5 1/2-1/2

[Event "3rd Banja Luka it"]
[Site "Banja Luka YUG"]
[Date "1979.04.19"]
[Round "7"]
[White "Vukic, Milan"]
[Black "Smejkal, Jan"]
[Result "0-1"]
[WhiteElo "2485"]
[BlackElo "2550"]
[EventDate "1979.04.11"]
[PlyCount "122"]

1.d4 Nf6 2.c4 g6 3.Nf3 Bg7 4.g3 O-O 5.Bg2 d6 6.Nc3 c5 7.O-O Nc6 8.d5 Na5 
9.Nd2 a6 10.Qc2 Rb8 11.b3 b5 12.Bb2 e5 13.Nd1 Nh5 14.Bc3 Bh6 15.e3 Bf5 16.
e4 Bd7 17.Ne3 b4 18.Bb2 Bxe3 19.fxe3 Nb7 20.Nf3 Qe7 21.Bc1 a5 22.a4 Nd8 
23.Qf2 Ng7 24.Ra2 Rb7 25.Qe1 f6 26.Kh1 Nf7 27.h3 Ng5 28.Ng1 h5 29.Kh2 Rbb8
30.Raf2 f5 31.exf5 gxf5 32.Kh1 Ne4 33.Bxe4 fxe4 34.Rxf8+ Rxf8 35.Rxf8+ 
Kxf8 36.Qf2+ Ke8 37.Kh2 Qg5 38.Bd2 Ke7 39.Kg2 Nf5 40.Kh2 Nh6 41.Kh1 Qg6 
42.Be1 Nf7 43.Qc2 Qf5 44.Qe2 Qg6 45.Qc2 Ke8 46.h4 Bg4 47.Bf2 Nh6 48.Kg2 
Qf5 49.Kf1 Ke7 50.Ke1 Kf6 51.Qb2 Kg7 52.Qc2 Kh8 53.Qb1 Kh7 54.Qc2 Kg8 55.
Qb2 Kf8 56.Qc2 Kf7 57.Qb1 Kg6 58.Qb2 Bf3 59.Qc2 Bg2 60.Qe2 Ng4 61.Qc2 Bf1 
0-1

[Event "3rd Banja Luka it"]
[Site "Banja Luka YUG"]
[Date "1979.04.19"]
[Round "7"]
[White "Garcia Gonzalez, Guillermo"]
[Black "Browne, Walter Shawn"]
[Result "1-0"]
[WhiteElo "2490"]
[BlackElo "2540"]
[EventDate "1979.04.11"]
[PlyCount "74"]

1.c4 Nf6 2.Nc3 e6 3.e4 c5 4.e5 Ng8 5.Nf3 Nc6 6.d4 cxd4 7.Nxd4 Nxe5 8.Ndb5 
a6 9.Nd6+ Bxd6 10.Qxd6 f6 11.Be3 Ne7 12.Bb6 Nf5 13.Bxd8 Nxd6 14.Bc7 Ke7 
15.c5 Ne8 16.Bb6 d5 17.cxd6+ Nxd6 18.Bc5 Nf7 19.Rd1 b5 20.h4 Bb7 21.Rh3 
Rac8 22.Ba3 Rhd8 23.Rg3 g6 24.Rgd3 e5 25.f4 e4 26.Rd4 Ke6 27.g4 f5 28.g5 
Ne8 29.Ne2 Bd5 30.Bh3 a5 31.Nc3 Bc6 32.Nxb5 Bd5 33.Nc3 Ba8 34.Ne2 Ng7 35.
Bf1 Nh5 36.Kf2 Bd5 37.Ke3 Bxa2 1-0

[Event "3rd Banja Luka it"]
[Site "Banja Luka YUG"]
[Date "1979.04.19"]
[Round "7"]
[White "Kurajica, Bojan"]
[Black "Sibarevic, Milenko"]
[Result "1/2-1/2"]
[WhiteElo "2515"]
[BlackElo "2355"]
[EventDate "1979.04.11"]
[PlyCount "106"]

1.d4 Nf6 2.Nf3 e6 3.c4 d5 4.g3 Be7 5.Bg2 O-O 6.O-O dxc4 7.Qc2 a6 8.a4 Bd7 
9.Qxc4 Bc6 10.Bg5 Bd5 11.Qd3 Be4 12.Qd1 c5 13.Nbd2 Bc6 14.dxc5 Bxc5 15.Qc2
Nbd7 16.Bxf6 Qxf6 17.Ne4 Qe7 18.Nxc5 Qxc5 19.Rfc1 Qxc2 20.Rxc2 Rfd8 21.a5 
Kf8 22.Ng5 Bxg2 23.Kxg2 h6 24.Ne4 Nf6 25.Nc5 Rab8 26.Rac1 Ke7 27.Na4 Ne8 
28.Nb6 Rd4 29.e3 Rd3 30.e4 Rbd8 31.e5 f6 32.exf6+ gxf6 33.Rc4 R3d4 34.Na4 
R8d5 35.b4 e5 36.Nb6 Rd8 37.R1c2 Ke6 38.Na4 Rxc4 39.Rxc4 Rd4 40.Rc8 Nd6 
41.Nc5+ Kd5 42.Rh8 Rxb4 43.Nd7 Ke6 44.Nc5+ Ke7 45.Rxh6 Rb5 46.Rh7+ Nf7 47.
Ne4 Rxa5 48.g4 Ra4 49.f3 Rd4 50.h4 Rd8 51.Rg7 Rh8 52.Nd6 Kxd6 53.Rxf7 Ke6 
1/2-1/2

[Event "3rd Banja Luka it"]
[Site "Banja Luka YUG"]
[Date "1979.04.20"]
[Round "8"]
[White "Marovic, Drazen"]
[Black "Matanovic, Aleksandar"]
[Result "1/2-1/2"]
[WhiteElo "2470"]
[BlackElo "2495"]
[EventDate "1979.04.11"]
[PlyCount "31"]

1.d4 Nf6 2.c4 e6 3.Nc3 Bb4 4.Qc2 c5 5.dxc5 O-O 6.a3 Bxc5 7.Nf3 Nc6 8.b4 
Nd4 9.Nxd4 Bxd4 10.e3 Be5 11.Bb2 b6 12.Be2 Bb7 13.O-O d5 14.f4 Bxc3 15.
Qxc3 dxc4 16.Qxc4 1/2-1/2

[Event "3rd Banja Luka it"]
[Site "Banja Luka YUG"]
[Date "1979.04.20"]
[Round "8"]
[White "Marjanovic, Slavoljub"]
[Black "Vukic, Milan"]
[Result "0-1"]
[WhiteElo "2505"]
[BlackElo "2485"]
[EventDate "1979.04.11"]
[PlyCount "71"]

1.d4 Nf6 2.c4 d6 3.Nc3 Nbd7 4.e4 e5 5.Nge2 c6 6.f3 a6 7.Be3 b5 8.cxb5 cxb5
9.Kf2 Be7 10.g4 Bb7 11.Ng3 g6 12.h4 h5 13.g5 Nh7 14.Qb3 exd4 15.Bxd4 Nc5 
16.Qc2 O-O 17.Rd1 Rc8 18.Bh3 Ne6 19.Qb1 b4 20.Nce2 Nxd4 21.Rxd4 Rb8 22.
Rhd1 Qb6 23.Kg2 Rfe8 24.Nf4 Bf8 25.Qd3 a5 26.Qb3 Re5 27.a4 Nxg5 28.hxg5 
Rxg5 29.Nd5 Bxd5 30.Rxd5 Qd8 31.Qe3 Bh6 32.Qa7 Ra8 33.Qd7 Qf6 34.Rxg5 
Qxb2+ 35.Kh1 Bxg5 36.Qb5 0-1

[Event "3rd Banja Luka it"]
[Site "Banja Luka YUG"]
[Date "1979.04.21"]
[Round "9"]
[White "Vukic, Milan"]
[Black "Knezevic, Milorad"]
[Result "1/2-1/2"]
[WhiteElo "2485"]
[BlackElo "2500"]
[EventDate "1979.04.11"]
[PlyCount "46"]

1.d4 d5 2.c4 c6 3.Nf3 Bf5 4.Nc3 e6 5.e3 Nd7 6.Bd3 Bxd3 7.Qxd3 f5 8.cxd5 
cxd5 9.Bd2 a6 10.O-O Bd6 11.Rfc1 Ngf6 12.Rc2 O-O 13.Rac1 Qe7 14.Ne2 Rfe8 
15.Ba5 Ne4 16.Bc7 Rac8 17.Bxd6 Nxd6 18.Rxc8 Rxc8 19.Rxc8+ Nxc8 20.Qc2 Qd8 
21.Nf4 Nf8 22.g3 Nd6 23.Ne5 Qc8 1/2-1/2

[Event "3rd Banja Luka it"]
[Site "Banja Luka YUG"]
[Date "1979.04.21"]
[Round "9"]
[White "Andersson, Ulf"]
[Black "Marjanovic, Slavoljub"]
[Result "1-0"]
[WhiteElo "2560"]
[BlackElo "2505"]
[EventDate "1979.04.11"]
[PlyCount "125"]

1.Nf3 d5 2.d4 e6 3.c4 c5 4.cxd5 exd5 5.Nc3 Nc6 6.g3 Nf6 7.Bg2 Be7 8.O-O 
O-O 9.Bg5 cxd4 10.Nxd4 h6 11.Be3 Bg4 12.Nb3 Be6 13.Rc1 Qd7 14.Bc5 Rfd8 15.
Bxe7 Qxe7 16.Nd4 Rac8 17.e3 Ne5 18.Nce2 Bg4 19.Rxc8 Rxc8 20.h3 Bxe2 21.
Nxe2 Qb4 22.b3 Qa5 23.Qa1 Nd3 24.Nd4 Kf8 25.Rd1 Nb4 26.Rc1 Rc7 27.a3 Na6 
28.b4 Rxc1+ 29.Qxc1 Qc7 30.Qb2 Nb8 31.Nb5 Qb6 32.Nc3 a5 33.Bxd5 Na6 34.b5 
Nc5 35.Bg2 Qd6 36.Qc2 b6 37.Ne2 g6 38.Nd4 h5 39.Kf1 Nd5 40.Qc4 Nc7 41.Bc6 
N5e6 42.Nxe6+ Nxe6 43.Bd5 Nd8 44.a4 Ke7 45.Ke2 Qe5 46.e4 g5 47.Ke3 g4 48.
hxg4 hxg4 49.Qd4 Qd6 50.e5 Qd7 51.Ke4 Qc7 52.Kf4 Qd7 53.Qc4 Kf8 54.Ke4 Ke7
55.Qc1 Ne6 56.Bxe6 Qxe6 57.Qc7+ Ke8 58.Qb8+ Ke7 59.Qb7+ Kf8 60.Qd5 Qg6+ 
61.Kf4 Qc2 62.Qd4 Qe2 63.Qxb6 1-0

[Event "3rd Banja Luka it"]
[Site "Banja Luka YUG"]
[Date "1979.04.21"]
[Round "9"]
[White "Matanovic, Aleksandar"]
[Black "Smejkal, Jan"]
[Result "1/2-1/2"]
[WhiteElo "2495"]
[BlackElo "2550"]
[EventDate "1979.04.11"]
[PlyCount "54"]

1.e4 e5 2.Nf3 Nc6 3.Bb5 a6 4.Ba4 Nf6 5.O-O Be7 6.Re1 b5 7.Bb3 d6 8.c3 O-O 
9.h3 Na5 10.Bc2 c5 11.d4 Qc7 12.Nbd2 cxd4 13.cxd4 Nc6 14.Nb3 a5 15.Be3 a4 
16.Nbd2 Nb4 17.Bb1 Bd7 18.a3 Nc6 19.Bd3 Na5 20.Qe2 Qb8 21.Rac1 Re8 22.Rc2 
Bd8 23.dxe5 dxe5 24.Rec1 h6 25.Rc3 b4 26.axb4 Qxb4 27.R3c2 Bb6 1/2-1/2

[Event "3rd Banja Luka it"]
[Site "Banja Luka YUG"]
[Date "1979.04.21"]
[Round "9"]
[White "Garcia Gonzalez, Guillermo"]
[Black "Marovic, Drazen"]
[Result "1/2-1/2"]
[WhiteElo "2490"]
[BlackElo "2470"]
[EventDate "1979.04.11"]
[PlyCount "82"]

1.c4 c6 2.Nf3 d5 3.b3 Nf6 4.Bb2 Bg4 5.e3 Nbd7 6.cxd5 cxd5 7.Be2 e6 8.h3 
Bxf3 9.Bxf3 Bd6 10.Nc3 O-O 11.O-O a6 12.Be2 Qe7 13.a3 Rfc8 14.b4 Nb6 15.d3
Rc7 16.Qb3 Rac8 17.Rfc1 h6 18.Bd1 e5 19.Ne2 Rxc1 20.Rxc1 Rxc1 21.Bxc1 Na8 
22.Qa2 Nc7 23.Bb3 Qd7 24.Qc2 b5 25.e4 dxe4 26.dxe4 Ne6 27.Qd3 Qc6 28.Bd5 
Qc7 29.Be3 Nxd5 30.exd5 Nd8 31.Ng3 Nb7 32.Nf5 h5 33.Qe4 Bf8 34.g4 g6 35.
Ng3 hxg4 36.hxg4 Qc3 37.Qf3 Nd6 38.Qf6 Qb3 39.Qxe5 Nc4 40.Qe4 Nxe3 41.Qxe3
Qxd5 1/2-1/2

[Event "3rd Banja Luka it"]
[Site "Banja Luka YUG"]
[Date "1979.04.21"]
[Round "9"]
[White "Petrosian, Tigran"]
[Black "Sibarevic, Milenko"]
[Result "1/2-1/2"]
[WhiteElo "2610"]
[BlackElo "2355"]
[EventDate "1979.04.11"]
[PlyCount "90"]

1.c4 c5 2.Nc3 Nc6 3.e3 Nf6 4.d4 cxd4 5.exd4 d5 6.Bf4 e6 7.Nf3 Be7 8.c5 Ne4
9.Rc1 O-O 10.Bb5 Bd7 11.O-O Qa5 12.Bd3 f5 13.Ne5 Nxe5 14.Bxe5 Bf6 15.Bxf6 
Rxf6 16.Qe1 Qc7 17.f3 Rh6 18.g3 Ng5 19.Qe5 Qd8 20.Kg2 Nf7 21.Qe3 e5 22.f4 
e4 23.Be2 Be6 24.b4 Nh8 25.a4 Ng6 26.a5 a6 27.Na4 Ne7 28.Nb6 Rb8 29.b5 
axb5 30.Bxb5 Bf7 31.Ra1 Bh5 32.Kg1 Be8 33.Be2 Rg6 34.Rfb1 Rc6 35.Rb4 Rc7 
36.Rb2 Bf7 37.Rba2 Nc6 38.Bb5 Na7 39.Ba4 Qe7 40.Bb3 Rd8 41.a6 bxa6 42.Rxa6
h6 43.Bd1 Kh7 44.Be2 Rb8 45.Bf1 Rd8 1/2-1/2